Most Distant Muslim Countries - Statistics

General Stats
  • This quiz has been taken 36 times
  • The average score is 8 of 10
Answer Stats
km Country % Correct
6,180 Indonesia
97%
6,627 Malaysia
97%
8,192 Brunei
88%
4,919 Bangladesh
81%
4,561 Mauritania
81%
4,201 Morocco
81%
5,494 Senegal
78%
5,238 Guinea
75%
5,731 Gambia
63%
5,546 Sierra Leone
59%
No matching quizzes found
Score Distribution
Percent of People with Each Score
Percentile by Number Answered
Your Score History
You have not taken this quiz